000 00636nam a2200217Ia 4500
008 101110s9999 xx 000 0 und d
041 _aENGLISH
082 _bJR5419
100 _aJoshi V.A, Shejwalkar P.C
245 _aTexbook of Organisation of Commerce and Management (Std XII)
260 _c2007
_bNarendra Prakashan, Pune
300 _a264
365 _b52
520 _aCommerce
546 _aENGLISH
630 _aTexbook of Organisation of Commerce and Management (Std XII)
650 _aCommerce
655 _aCommerce
730 _aTexbook of Organisation of Commerce and Management (Std XII)
942 _cBOOK
999 _c796214
_d796211